[Event "Getxo Semana Santa U2200 op 1st"]
[Site "Getxo"]
[Date "2019.04.22"]
[Round "1"]
[White "Hirgma, Elmaati"]
[Black "Seoane Rodriguez, Unai"]
[Result "0-1"]
[WhiteElo "1399"]
[BlackElo "1941"]
[PlyCount "88"]
[EventDate "2019.04.22"]
[EventType "swiss"]
[EventRounds "7"]
[EventCountry "ESP"]
[SourceTitle "EXT 2024"]
[Source "ChessBase"]
[SourceDate "2023.10.10"]
[SourceVersion "1"]
[SourceVersionDate "2023.10.10"]
[SourceQuality "1"]

1. d4 Nf6 2. Bf4 d5 3. e3 c5 4. c3 e6 5. Nf3 Nc6 6. Nbd2 Bd6 7. Ne5 Qc7 8. Ndf3 0-0 9. Bg3 Ne4 10. Bd3 f6 11. Bxe4 dxe4 12. Nxc6 Qxc6 13. Nd2 Be7 14. Qc2 cxd4 15. Qxe4 dxc3 16. Qxc6 cxd2+ 17. Kxd2 bxc6 18. a3 e5 19. Ke2 Ba6+ 20. Ke1 c5 21. Rc1 Rab8 22. Rc2 Rfd8 23. f3 Rb3 24. Kf2 Rdb8 25. f4 Rxb2 26. Rhc1 Bd3 27. Rxb2 Rxb2+ 28. Kg1 exf4 29. exf4 c4 30. Bf2 Bxa3 31. Ra1 Rb1+ 32. Rxb1 Bxb1 33. Bd4 Bb4 34. Bxa7 c3 35. Bd4 c2 36. Bb2 Bd2 37. g3 c1Q+ 38. Bxc1 Bxc1 39. Kf2 Kf7 40. Kf3 f5 41. h4 Be4+ 42. Kf2 Kg6 43. Ke2 Kh5 44. Kd1 Be3 0-1

[Event "Erandio op 27th"]
[Site "Erandio"]
[Date "2018.12.16"]
[Round "2"]
[White "Prieto Aranguren, Alain"]
[Black "Seoane Rodriguez, Unai"]
[Result "0-1"]
[WhiteElo "2242"]
[BlackElo "1808"]
[PlyCount "108"]
[EventDate "2018.12.15"]
[EventType "swiss"]
[EventRounds "8"]
[EventCountry "ESP"]
[SourceTitle "EXT 2020"]
[Source "ChessBase"]
[SourceDate "2019.10.17"]
[SourceVersion "1"]
[SourceVersionDate "2019.10.17"]
[SourceQuality "1"]

1. d4 Nf6 2. c4 e6 3. Nc3 c5 4. d5 exd5 5. cxd5 d6 6. e4 g6 7. f4 Bg7 8. Bb5+ Nfd7 9. a4 a6 10. Bd3 0-0 11. Nf3 Qc7 12. 0-0 c4 13. Bc2 Nc5 14. Qe2 Nb3 15. Bxb3 cxb3 16. Be3 Bg4 17. h3 Bxf3 18. Qxf3 Nd7 19. Rfc1 Qa5 20. Ra3 Nc5 21. Bxc5 Qxc5+ 22. Kh2 Qb4 23. a5 f5 24. exf5 Rxf5 25. Ra4 Qc5 26. Rd1 Re8 27. Ne4 Qb5 28. Ra3 Rxf4 29. Nxd6 Qd7 30. Qxf4 Be5 31. Nxe8 Bxf4+ 32. Kh1 Qxe8 33. Rxb3 Qd7 34. d6 Bg5 35. Rc3 Bd8 36. b4 Kf7 37. Rf3+ Kg7 38. Rdd3 Bf6 39. Rf4 Be5 40. Re4 Kf6 41. Rf3+ Ke6 42. Rd3 Qb5 43. Rd1 Kd7 44. Rh4 h5 45. Re4 Bxd6 46. Red4 Qe5 47. Kg1 Kc6 48. Rxd6+ Qxd6 49. Rxd6+ Kxd6 50. Kf2 Kd5 51. Ke3 Kc4 52. Kf4 Kxb4 53. Kg5 Kxa5 54. Kxg6 b5 0-1